The world's religions / (Record no. 120)
[ view plain ]
| 000 -LEADER | |
|---|---|
| fixed length control field | 01623cam a2200301 a 4500 |
| 001 - CONTROL NUMBER | |
| control field | 4522677 |
| 005 - DATE AND TIME OF LATEST TRANSACTION | |
| control field | 20210414113846.0 |
| 008 - FIXED-LENGTH DATA ELEMENTS--GENERAL INFORMATION | |
| fixed length control field | 001128s1998 enkab b 001 0 eng |
| 010 ## - LIBRARY OF CONGRESS CONTROL NUMBER | |
| LC control number | 98015080 |
| 020 ## - INTERNATIONAL STANDARD BOOK NUMBER | |
| International Standard Book Number | 0521631394 (hardcover) |
| 020 ## - INTERNATIONAL STANDARD BOOK NUMBER | |
| International Standard Book Number | 0521637481 (pbk.) |
| 035 ## - SYSTEM CONTROL NUMBER | |
| System control number | (OCoLC)38738896 |
| 035 ## - SYSTEM CONTROL NUMBER | |
| System control number | (OCoLC)ocm38738896 |
| 035 ## - SYSTEM CONTROL NUMBER | |
| System control number | (NNC)4522677 |
| 040 ## - CATALOGING SOURCE | |
| Original cataloging agency | DLC |
| Transcribing agency | DLC |
| Modifying agency | DLC |
| -- | NNUT |
| 050 ## - LIBRARY OF CONGRESS CALL NUMBER | |
| Classification number | BL80.2 .S615 |
| 090 ## - LOCALLY ASSIGNED LC-TYPE CALL NUMBER (OCLC); LOCAL CALL NUMBER (RLIN) | |
| Classification number (OCLC) (R) ; Classification number, CALL (RLIN) (NR) | BL80.2 |
| Local cutter number (OCLC) ; Book number/undivided call number, CALL (RLIN) | .S615 1998 |
| 100 1# - MAIN ENTRY--PERSONAL NAME | |
| Personal name | Smart, Ninian, |
| Dates associated with a name | 1927-2001. |
| 245 14 - TITLE STATEMENT | |
| Title | The world's religions / |
| Statement of responsibility, etc. | Ninian Smart |
| 250 ## - EDITION STATEMENT | |
| Edition statement | 2nd ed |
| 260 ## - PUBLICATION, DISTRIBUTION, ETC. | |
| Place of publication, distribution, etc. | Cambridge ; |
| -- | New York : |
| Name of publisher, distributor, etc. | Cambridge University Press, |
| Date of publication, distribution, etc. | 1998 |
| 300 ## - PHYSICAL DESCRIPTION | |
| Extent | 608 p. : |
| Other physical details | ill. (some col.), maps ; |
| Dimensions | 24 cm |
| 504 ## - BIBLIOGRAPHY, ETC. NOTE | |
| Bibliography, etc. note | Includes bibliographical references and index |
| 505 ## - FORMATTED CONTENTS NOTE | |
| Formatted contents note | Contents: Part I: Earliest religions -- South Asia -- China -- Japan -- Southeast Asia --The Pacific -- The Americas -- The ancient Near East -- Persia and Central Asia --The Greek and Roman world -- Classical and medieval Christianity and Judaism -- Classical and medieval Islam -- Classical African religions --Part II: 14. The Explosion of Europe and the re-forming of Christianity -- North America --South Asia and reactions to colonial intervention -- China and Korea in modern times -- Modern Southeast Asia -- Japan in modern times -- Islam passes through the shadows -- The colonial impact in the Pacific -- Eastern Europe and the Soviet Union --Africa in the modern world -- Latin America and the Caribbean -- Some final reflections on global religion. |
| 650 #0 - SUBJECT ADDED ENTRY--TOPICAL TERM | |
| Topical term or geographic name entry element | Religions. |
| 942 ## - ADDED ENTRY ELEMENTS (KOHA) | |
| Source of classification or shelving scheme | Library of Congress Classification |
| Koha item type | Books |
| Withdrawn status | Lost status | Source of classification or shelving scheme | Damaged status | Not for loan | Home library | Current library | Shelving location | Date acquired | Total Checkouts | Full call number | Barcode | Date last seen | Copy number | Price effective from | Koha item type |
|---|---|---|---|---|---|---|---|---|---|---|---|---|---|---|---|
| Library of Congress Classification | WISCONSIN INTERNATIONAL UNIVERSITY COLLEGE, GHANA - MAIN LIBRARY | WISCONSIN INTERNATIONAL UNIVERSITY COLLEGE, GHANA - MAIN LIBRARY | Reference | 19/09/2011 | BL80.2 .S615 | 284/11 | 19/09/2011 | 1 | 19/09/2011 | Books |
